Statistics for Star Wars Battlefront II Hero Quiz

Click here to take the quiz!

General Stats

  • This quiz has been taken 165 times
    (130 since last reset)
  • The average score is 19 of 22

Answer Stats

#HeroTeam / Organization% Correct
4Darth VaderGalactic Empire
98%
8Kylo RenFirst Order
96%
6Han SoloRebel Alliance
95%
19Count DookuSeparatist
94%
12Darth MaulSeparatist
93%
11Luke SkywalkerRebel Alliance
93%
10Leia OrganaRebel Alliance
92%
13ReyResistance
92%
1Boba FettGalactic Empire
92%
5Emperor PalpatineGalactic Empire
92%
18Obi-Wan KenobiGalactic Republic
91%
15FinnResistance
90%
20Anakin SkywalkerGalactic Republic
90%
3ChewbaccaGalactic Republic / Rebel Alliance / Resistance
89%
14YodaRebel Alliance / Galactic Republic
88%
17General GrievousSeparatist
84%
16Captain PhasmaFirst Order
82%
21BB-8Resistance
82%
9Lando CalrissianRebel Alliance
81%
2BosskGalactic Empire / Separatist
77%
7Iden VersioGalactic Empire
71%
22BB-9EFirst Order
68%

Score Distribution

Percentile by Number Answered

Percent of People with Each Score

Your Score History

You have not taken this quiz since the last reset